000
00321 a2200145 4500
001
177069
020
_a
040
_c
Magnum
100
_a
Guedes, Hardy
240
1
0
_a
O boitata e o pai-da-mata
_l
por
245
1
0
_a
O boitata e o pai-da-mata
362
0
_a
1899
697
_a
MAGNITO: IJ/LENDAS, FOLCLORE
942
_c
BK
999
_c
177069
_d
177069